000 00322nam a2200133 a 4500
005 20140412111302.0
008 001116s19uu xx 00 eng d
020 _a1-56987-100-0
050 _aER
_bPu96 1993
245 _aPuss in boots.
300 _a1 v. (unp.) ; ill. ; col.
650 _aFairy tales
999 _c103484
_d103484